000
00321nam a2200145 a 4500
008
961202s1974||||xx 0 und c
040
_a
SNK
_b
slo
_c
SNK
_e
AACR2
100
1
_a
Diere, Jozef
245
1
0
_a
Svoji
260
_a
Bratislava
_b
Pravda
_c
1974
300
_a
335s.
020
_c
21
044
_a
xo
_c
SK
041
_a
slo
999
_c
10321
_d
10321